01167cam a22003497a 4500003000500000005001700005008004100022010001000063011001000073020001500083035001000098040000900108082001900117100002900136245006700165250001000232260004200242300001100284590004100295590004100336590004100377590004200418650003100460650003100491700002800522901000700550905002400557942001000581949007000591999001700661952013900678CHAP20220329142627.0020603d1987 ag r 00110 spa d a85842 a86814 a9505561806 a97354 cCHAP04a155.3bS3 198700aSapetti, Adrian.910259213aLa sexualidad masculinac/por Adrian Sapetti y Mario V. Kaplan a3 ed. aBuenos Aires, Arg. :bGalerna,c1987. a139 p. aBATCH-UPDb10c20130110lUCH01h0654 aBATCH-UPDb10c20130410lUCH01h0339 aBATCH-UPDb10c20130914lUCH01h1252 aCONVERSIONb10c20130109lUCH01h134814aEducación sexual.93559814aSexualidad humana.910542700aKaplan, Mario V.962712 aBK aMayto Villalobos S. cLIBRO a155.3 S3 1987bBCcLIBROd33724000851358eLIBROh102407i97354si c85842d85842 00102ddc4052708GRALaBCbBCcPA_GRALd2019-12-31fLIBROl0o155.3 S3 1987p33724000851358r2019-12-31 00:00:00w2019-12-31yLIBRO